Langues à l'Eurovision (1956 - 2025) - Statistiques

Statistiques générales
  • Ce quiz a été pris 143 fois
  • Le résultat moyen est 38 sur 70
Statistiques - réponses
Année Pays Artiste Chanson Langue % Correct
Belgique Fud Leclerc Messieurs les noyés de la Seine Français
99%
1957 Royaume-Uni Patricia Bredin All Anglais
98%
Suisse Lys Assia Das alte Karussell Allemand
94%
Italie Franca Raimondi Apriste le finestre Italien
93%
1956 Pays-Bas Jetty Paerl De vogels van Holland Néerlandais
91%
1964 Portugal António Calvário Oração Portugais
89%
1958 Suède Alice Babs Lilla stjärna Suédois
89%
Pologne Edyta Górniak To nie ja! Polonais
88%
Norvège Nora Brockstedt Voi Voi Norvégien
87%
1969 Yougoslavie Ivan & 4M Pozdrav svijetu (Поздрав свијету) Russe
87%
1974 Grèce Marinella Krasi, thalassa kai t'agori mou (Κρασί, θάλασσα και τ'αγόρι μου) Grec
85%
Danemark Birthe Wilke & Gustav Winckler Skibet skal sejle i nat Danois
84%
Yougoslavie Ljiljana Petrović Neke davne zvezde Serbo-croate
84%
1980 Maroc Samira Said Bitaqat Hub (بطاقة حب) Arabe
83%
2004 Lettonie Fomins & Kleins Dziesma par laimi Letton
83%
1986 Islande ICY Gleðibankinn Islandais
82%
Yougoslavie Extra Nena Ljubim te pesmama (Љубим те песмама) Serbe
82%
1994 Estonie Silvi Vrait Nagu merelaine Estonien
81%
1975 Turquie Semiha Yankı Seninle Bir Dakika Turc
81%
1972 Ireland Sandie Jones Ceol an Ghrá Irlandais
80%
Ukraine Ruslana Wild Dances Ukrainien
80%
2007 Bulgarie Elitsa Todorova & Stoyan Yankoulov Water Bulgare
78%
Croatie Put Don't Ever Cry Croate
78%
1971 Malte Joe Grech Marija I- Maltija Maltais
78%
Lituanie Ovidijus Vyšniauskas Lopšinė mylimai Lituanien
77%
Roumanie Dan Bittman Dincolo de nori Roumain
77%
Hongrie Friderika Bayer Kinek mondjam el vétkeimet? Hongrois
76%
1973 Israël Ilanit Ey Sham (אי שם) Hébreu
75%
Slovaquie Martin Ďurinda & Tublatanka Nekonečná pieseň Slovaque
75%
Tchéquie Kabát Malá dáma Tchèque
75%
1961 Finlande Laila Kinnunen Valoa ikkunassa Finnois
73%
2006 Albanie Luiz Ejlli Zjarr e ftohtë Albanais
69%
Arménie Hayko Anytime You Need Arménien
69%
Allemagne Margot Hielscher Telefon, Telefon Espagnol
69%
1996 France Dan Ar Braz & l'Héritage des Celtes Diwanit Bugale Breton
68%
1993 France Patrick Fiori Mama Corsica Corse
68%
1960 Luxembourg Camilo Felgen So laang we's du do bast Luxembourgeois
68%
1998 Macédoine du Nord Vlado Janevski Ne zori, zoro (Не зори, зоро) Macédonien
66%
2017 Biélorussie Naviband Historyja majho žyccia (Гісторыя майго жыцця) Biélorusse
64%
Géorgie Anri Jokhadze I'm a Joker Géorgien
59%
1966 Yougoslavie Berta Ambrož Brez besed Slovène
59%
2022 Serbie Konstrakta In corpore sano Latin
55%
Bosnie-Herzégovine Fazla Sva bol svijeta Bosnien
52%
Andorre Marta Roure Jugarem a estimar-nos Catalan
52%
1992 France Kali Monté la riviè Créole antillais
50%
2005 Serbie-et-Monténégro No Name Zauvijek moja (Заувијек моја) Monténégrin
50%
1989 Suisse Furbaz Viver senza tei Romanche
47%
2018 Israel Netta Toy Japonais
25%
1991 Italie Peppino di Capri Comme è ddoce 'o mare Napolitain
25%
2016 Ukraine Jamala 1944 Tatar de Crimée
25%
2003 Belgique Urban Trad Sanomi Langue construite
21%
Bulgarie Sofi Marinova Love Unlimited Azéri
20%
2011 Norvège Stella Mwangi Haba Haba Swahili
15%
Norvège Sverre Kjelsberg & Mattis Hætta Sámiid ædnan Same du Nord
14%
Monaco Séverine Ferrer La Coco-Dance Tahitien
14%
2020 Israel Eden Alene Feker Libi (ፍቅር ልቤ) Amharique
13%
2009 Tchéquie Gipsy.cz Aven Romale Romani
13%
France Bilal Hassani Roi Langue des signes française
12%
Lettonie Walters & Kazha The War Is Not Over Langue des signes lettone
10%
Estonie Neiokõsõ Tii Võro
10%
Lituanie Evelina Sašenko C'est ma vie Langue des signes lituanienne
9%
Pologne Ich Troje Follow My Heart Langue des signes polonaise
8%
2012 Russie Buranovskiye Babushki Party for Everybody Oudmourte
8%
2019 Géorgie Oto Nemsadze Keep on Going Abkhaze
7%
Italie Francesco Gabbani Occidentali's Karma Sanskrit
6%
2021 Pays-Bas Jeangu Macrooy Birth of a New Age Sranan
6%
2024 Australie Electric Fields One Milkali (One Blood) Yankunytjatjara
5%
Ukraine Verka Serduchka Dancing Lasha Tumbai Surzhyk
3%
Serbie Bojana Stamenov Beauty Never Lies Langue des signes yougoslave
2%
2025 Pologne Justyna Steczkowska Gaja Proto-slave
2%
Aucun quiz correspondant
Distribution des résultats
% des personnes avec chaque résultat
Percentile par nombre de réponses
Votre historique - résultats
Vous n’avez pas pris ce quiz